000 00773cam a2200253 a 4500
001 000009656
005 20200929161647.0
008 920924s1991 cu 000 0 spa
035 _a(DLC) 92219724
040 _aDO-SdBNP
_cDLC
_dBNPHU
082 _aCu862.44
_bR875v
100 1 _aRovner, Eduardo,
_d1942-
_917669
245 1 0 _aVolvio una noche /
_cEduardo Rovner ; edición, Magdalena Quijano.
260 _aLa Habana :
_bCasa de las Américas,
_c1991.
300 _a99 p. ;
_c19 cm.
490 1 _aTeatro
586 _aPremio casa de las américas, 1991.
650 4 _aTeatro cubano
_924517
650 4 _aLiteratura cubana
_91483
700 1 _aQuijano, Magdalena,
_eed.
_919256
830 0 _aTeatro.
_95617
910 _aCatalogación por copia / LC
049 _aBNGR
999 _c9416
_d9416